Rozpoznaj rapera po 3 utworach #3 HARD - Statystyki

Ogólne statystyki
  • Ten quiz został rozwiązany 76 razy
  • Średni wynik to 4 z 15
Statystyki odpowiedzi
Utwory Wykonawca % Poprawnych
Biznes, Każdego Dnia, Alien Sobel
88%
Fitness, Ghetto Life, Banger King Kizo
62%
Gin N' Juice, Drop It Like It's Hot, Kush Ups Snoop Dogg
35%
Empty, Stay High, Wasted Juice WRLD
29%
Heartless, Be Something, Pop Out Polo G
26%
Gnarly, Bill and Jill, Roll in Peace Kodak Black
25%
Collard Greens, THat Part, Floating ScHoolboy Q
19%
Legacy, Clout, Lick Offset
17%
T.D, Pardon Me, MICKEY Lil Yachty
16%
Bed, Only, Pound The Alarm Nicki Minaj
14%
Move Ya Hips, Dennis Rodman, Jet Lag ASAP Ferg
10%
Enemies, Ball For Me, Deja Vu Post Malone
9%
Family Feud, Tom Ford, Run This Town Jay-Z
7%
Big Booty, Curve, Potential Gucci Mane
4%
Don't Need Friends, Recap, Run It Up NAV
3%
Nie znaleziono quizów pasujących do podanych kryteriów
Rozkład punktacji
Procent ludzi z każdym wynikiem
Percentyl według liczby udzielonych odpowiedzi
Twoja historia wyników
Nie rozwiązałeś tego quizu